Геомеханическое обеспечение разработки месторождений Кольского полуострова

Dettagli Bibliografici
Ente Autore: Академия наук СССР (АН СССР) Кольский филиал Горный институт
Altri autori: Мельников Н. Н. (редактор)
Riassunto:Посвящается памяти члена-корреспондента АН СССР Игоря Александровича Турчанинова
Lingua:russo
Pubblicazione: Апатиты, Изд-во Кольского филиала АН СССР, 1989
Soggetti:
Natura: MixedMaterials Libro
KOHA link:https://koha.lib.tpu.ru/cgi-bin/koha/opac-detail.pl?biblionumber=251530

MARC

LEADER 00000nam0a2200000 4500
001 251530
005 20231101232651.0
035 |a (RuTPU)RU\TPU\book\273834 
090 |a 251530 
100 |a 20140221d1989 k y0rusy50 ca 
101 0 |a rus 
102 |a RU 
105 |a a z 001zy 
200 1 |a Геомеханическое обеспечение разработки месторождений Кольского полуострова  |f Академия наук СССР (АН СССР), Кольский филиал, Горный институт ; под ред. Н. Н. Мельникова 
210 |a Апатиты  |c Изд-во Кольского филиала АН СССР  |d 1989 
215 |a 98 с.  |c ил. 
300 |a Посвящается памяти члена-корреспондента АН СССР Игоря Александровича Турчанинова 
320 |a Библиография в конце статей 
606 1 |a Месторождения полезных ископаемых  |x Системы разработки  |2 stltpush  |3 (RuTPU)RU\TPU\subj\42244  |9 61931 
610 1 |a Кольский полуостров 
610 1 |a горное дело 
610 1 |a добыча 
610 1 |a полезные ископаемые 
610 1 |a геомеханика 
610 1 |a апатитовые месторождения 
610 1 |a редкометалльные месторождения 
675 |a 622.27  |v 3 
702 1 |a Мельников  |b Н. Н.  |4 340 
712 0 2 |a Академия наук СССР (АН СССР)  |b Кольский филиал  |b Горный институт  |c (Апатиты, Мурманская обл.)  |2 stltpush  |3 (RuTPU)RU\TPU\col\19364 
801 1 |a RU  |b 63413507  |c 20140221 
801 2 |a RU  |b 63413507  |c 20140228  |g RCR 
942 |c BK